000 00785nam a2200241 i 4500
001 bg
100 1 _aSKIBICKI, Dariusz
245 1 0 _aMetody numeryczne w budowie maszyn /
_cDariusz Skibicki, Krzysztof Nowicki.
260 _aBydgoszcz :
_bWydawnictwa Uczelniane Akademii Techniczno-Rolniczej,
_c2006.
300 _a236, [2] s. :
_brys., wykr. ;
_c24 cm.
504 _aBibliogr. przy rozdz. - Indeks.
650 9 _aAnaliza numeryczna
_xstosowanie
_xprzemysł
650 9 _aMaszyny
_xtechnologia
655 _aPodręczniki akademickie
700 1 _aNOWICKI, Krzysztof
_c((elektronika))
020 _a8389334925
040 _cBPK
041 0 _apol
080 _a621.01:519.61/.64](075.8)
920 _a83-89334-92-5
942 _cKS
008 s pl f |000 0 pol
999 _c53218
_d53218
856 _uhttp://koha.tu.koszalin.pl/cgi-bin/koha/opac-detail.pl?biblionumber=53218
_yKatalog online BPK